| 000 | 00900nam a22003017a 4500 | ||
|---|---|---|---|
| 003 | CHAP | ||
| 005 | 20220329141039.0 | ||
| 008 | 971013s1992 r 00010 d | ||
| 010 | _a61820 | ||
| 011 | _a62792 | ||
| 035 | _a66967 | ||
| 040 | _cCHAP | ||
| 090 | _aFolleto 14800 | ||
| 100 | 0 | 0 |
_aGonzález Hernández, Carlos. _949031 |
| 245 | _aAlgunos elementos acerca de la producción porcina cubana | ||
| 260 |
_a(s.l.) : _b(s.e.), _c1992 |
||
| 300 | _a21 h. | ||
| 500 | _aFotocopia | ||
| 590 |
_aBATCH-UPD _b10 _c20130110 _lUCH01 _h0803 |
||
| 590 |
_aBATCH-UPD _b10 _c20130410 _lUCH01 _h0441 |
||
| 590 |
_aBATCH-UPD _b10 _c20130914 _lUCH01 _h1522 |
||
| 590 |
_aCONVERSION _b10 _c20130109 _lUCH01 _h1333 |
||
| 650 | 1 | 4 |
_aGanado porcino _xCuba. _945352 |
| 650 | 1 | 4 |
_aGanado porcino _xProducción. _945399 |
| 901 | _aBK | ||
| 942 | _cFOLL | ||
| 949 |
_aFolleto 14800 _bBC _cFOLL _d-152207 _eTS1 _i66967 _si |
||
| 999 |
_c61820 _d61820 |
||